000 01773cam a22005054i 4500
003 PE-LiUPU
005 20250731165514.0
008 150623s r 000 0 d
020 _a1850757410
035 _a(Sirsi) i9781850757412
040 _aPE-LiUPU
_bspa
_cPE-LiUPU
_erda
049 _aPRUA
082 0 4 _a225.077
_bNT
_221
100 1 _aRiches, John,
_eautor.
245 1 0 _aMatthew.
_n40 /
_cJohn Riches.
264 1 _aSheffield, England :
_bSheffield Academic Press,
_c1996.
300 _a113 páginas :
_bilustraciones, cuadros, gráficos ;
_c22 centímetros
336 _atext
_2rdacontent
337 _aunmediated
_2rdamedia
338 _avolume
_2rdacarrier
490 0 _aNew Testament Guides ;
_v40
504 _aIncluye bibliografía.
505 0 _aLeading questions in matthaean scholarship. -What sort of a book. -Matthew's world. -Matthew's christology.
526 _aSEG44
526 _aSEG26
526 _aP151
526 _aP150
526 _aP149
526 _aP146
526 _aP145
526 _aP126
526 _aP125
526 _aP92
526 _aP75
526 _aP74
526 _aP27
526 _aP15
630 _aBiblia.
_pN.T.
_pMateo
_xComentarios.
942 _2ddc
_cBOOK
949 _aRC 225.077 NT 40
_wDEWEY
_c1
_i49134
_lCCODEBUL1
_mBUL
_r0
_sY
_tBOOK
_u2015-6-24
_xTEOLOGIA
_PP35
_0COMPRA
_o.CIRCNOTE. No olvidar cambiar la fecha de devolución!!!!!!!
_o.STAFF. Colección General
994 _aC0
_bPEPRU
596 _a1
999 _aRC 225.077 NT 40
_wDEWEY
_c28281
_i49134
_f2021-11-8
_g6
_lCCODEBUL1
_mBUL
_r1
_sY
_tBOOK
_u2015-6-24
_xTEOLOGIA
_PP35
_0COMPRA
_o.CIRCNOTE. No olvidar cambiar la fecha de devolución!!!!!!!
_o.STAFF. Colección General
_d28281
980 _81
_gALBERTO SANCHEZ Responsable de Automatización